000 00986nam a2200301Ia 4500
003 OSt
005 20220928114600.0
006 a|||||r|||| 00| 0
007 ta
008 220927b |||||||| |||| 00| 0 eng d
020 _cEURO 64.99
024 _a143355
037 _b140, 10/02/2020, Classic Book Service
_cTextual
040 _aSDCL
_cSDCL
_beng
041 _2eng
_aeng
082 _aX:(B28), Q9
100 _aMcCarthy Richard V.
_9439997
245 0 _aApplying predictive analytics
_b Finding value in data
260 _aSwitzerland
_bSpringer
_c2019
300 _ax,205p.
_ccm.
650 _a SAS enterprise miner
_9439998
650 _aFinancial Studies
700 _a Ceccucci Wendy
_9439999
700 _a Halawi Leila
_9440000
700 _a McCarthy Mary M.
_9440001
942 _hX:(B28), Q9
_cTEXL
_2CC
999 _c755648
_d755648